| 000 | 00483cam a2200181ua 4500 | ||
|---|---|---|---|
| 020 | _cRs 1.75 | ||
| 041 |
_amal _h |
||
| 082 |
_a894.812 803 55 _bEMS/CO |
||
| 100 | _aEMS , Namboodiripad . | ||
| 245 |
_aCommunism Kettipadukkunnavarude Koode / _cE M S Namboodiripad. _hTextual Documents |
||
| 260 |
_aEranakulam : _bThilakam Publications , _c1960. |
||
| 300 | _a131 ; . | ||
| 365 | _aRs 1.75 | ||
| 504 | _a | ||
| 650 | _aTravelogue | ||
| 942 | _cBK | ||
| 999 |
_c533 _d533 |
||